Statistics for Ocarina Songs by Button Inputs

Click here to take the quiz!

General Stats

  • This quiz has been taken 12 times
  • The average score is 9 of 13

Answer Stats

Button InputsAnswer% Correct
N64-C↓-C→-C←-C↓-C→-C←
3DS-R-Y-X-R-Y-X
Saria's Song
100%
N64-C←-C↑-C→-C←-C↑-C→
3DS-X-A-Y-X-A-Y
Zelda's Lullaby
100%
N64-C↓-A-C↓-A-C→-C↓-C→-C↓
3DS-R-L-R-L-Y-R-Y-R
Bolero of Fire
67%
N64-C↑-C←-C→-C↑-C←-C→
3DS-A-X-Y-A-X-Y
Epona's Song
67%
N64-C←-C→-C→-A-C←-C→-C↓
3DS-X-Y-Y-L-X-Y-R
Nocturne of Shadow
67%
N64-Your Choosing
3DS-Your Choosing
Scarecrow's Song
67%
N64-A-C↓-C→-C→-C←
3DS-L-R-Y-Y-X
Serenade of Water
67%
N64-A-C↓-C↑-A-C↓-C↑
3DS-L-R-A-L-R-A
Song of Storms
67%
N64-C→-A-C↓-C→-A-C↓
3DS-Y-L-R-Y-L-R
Song of Time
67%
N64-C→-C↓-C-↑-C-→-C↓-C↑
3DS-Y-R-A-Y-R-A
Sun's Song
67%
N64-C↑-C→-C↑-C→-C←-C↑
3DS-A-Y-A-Y-X-A
Prelude of Light
50%
N64-A-C↑-C←-C→-C←-C→
3DS-L-A-X-Y-X-Y
Minuet of Forest
33%
N64-A-C↓-A-C→-C↓-A
3DS-L-R-L-Y-R-L
Requiem of Spirit
33%

Score Distribution

Percentile by Number Answered

Percent of People with Each Score

Your Score History

You have not taken this quiz